000 00678nam a2200181 i 4500
001 131493
003 ES-MaACL
005 20230906194007.0
007 t|
008 070214s1976 sp b |||| | spa d
100 1 _aRodríguez Alcaide, José Javier.
_998324
245 1 3 _aUn programa económico para Andalucía, 1976-1979 /
_cJosé Javier Rodríguez Alcaide.
260 _aSevilla :
_bUniversidad,. Instituto de Desarrollo Regional,
_c1976.
300 _aXXIV, 350 p. ;
_c24 cm +
_e31 map.
651 4 _aAndalucía-
_xSituación económica-
_y1975-1982.
_9169199
710 2 _aUniversidad de Sevilla.
_bInstituto de Desarrollo Regional.
_9169195
852 _aES-MaACL
_jA-6263
999 _c131493
_d131493